Transformational teaching in the information age (Record no. 136628)
[ view plain ]
| 000 -LEADER | |
|---|---|
| fixed length control field | 01529nam a2200325 a 4500 |
| 082 04 - DEWEY DECIMAL CLASSIFICATION NUMBER | |
| Classification number | 371.102 |
| 100 1# - MAIN ENTRY--AUTHOR NAME | |
| Personal name | Rosebrough, Thomas R. |
| 245 10 - TITLE STATEMENT | |
| Title | Transformational teaching in the information age |
| 260 ## - PUBLICATION, DISTRIBUTION, ETC. (IMPRINT) | |
| Place of publication | Alexandria, Va. : |
| Name of publisher | ASCD, |
| Year of publication | c2011. |
| 300 ## - PHYSICAL DESCRIPTION | |
| Number of Pages | x, 178 p. : |
| Other physical details | ports. |
| 505 0# - FORMATTED CONTENTS NOTE | |
| Formatted contents note | Inspire your students -- Embrace your role as a whole teacher -- Teach the whole student -- Place students in the center -- Teach for learning -- Know how students learn -- Teach students how to learn -- Teach by asking questions. |
| 650 #0 - SUBJECT ADDED ENTRY--TOPICAL TERM | |
| Topical Term | Effective teaching. |
| 700 1# - ADDED ENTRY--PERSONAL NAME | |
| Personal name | Leverett, Ralph Geist. |
| 856 40 - ELECTRONIC LOCATION AND ACCESS | |
| Uniform Resource Identifier | http://site.ebrary.com/lib/rucke/Doc?id=10446312 |
No items available.
